Word Ladder: A Trio of Bachman Books Quiz Stats

 Plays Quiz Updated Oct 5, 2016

Challenge
Share
Tweet
Embed
Score 0/22 Timer 03:00
0 Plays Today
Clue 4-Letter word % Correct
2013 Depp movie 'The ___ Ranger'LONE
98.6%
Animal fat for cookingLARD
97.3%
Naked or without protectionBARE
96.5%
Medieval nobleman LORD
96.5%
Lightly cooked steakRARE
95.9%
To speakTALK
94.8%
To drill a hole BORE
94.5%
☢ 1979 Bachman book: The [Rung 7] ____
or To travel on one's two feet
☢WALK☢
94.4%
☢ 1977 Bachman book ☢
or Intense uncontrollable anger
☢RAGE☢
94.1%
A fictional universe's backstoryLORE
93.5%
A burden or the contents of a shipping containerLOAD
93.1%
Clue 4-Letter word % Correct
A lengthy story, often exaggeratedTALE
93.1%
Terra firmaLAND
90.4%
☢ 1981 Bachman book: [Rung 1]____
or Labor in exchange for a paycheck
☢WORK☢
90.3%
A book's individual demarcationPAGE
87.5%
☢ 1981 Bachman book: ___[Rung 22] ☢
or A car's domain
☢ROAD☢
87.2%
A salesman's goodWARE
85.7%
Death's horsePALE
85.4%
Adorned over one's bodyWORE
85.4%
☢ 1979 Bachman book: The ____ [Rung 18] ☢
or Pine for
☢LONG☢
83.8%
A ridge on woven fabricWALE
83.6%
German silent film director FritzLANG
80.6%

Today's Daily Dose

You're not logged in!

Compare scores with friends on all Sporcle quizzes.
Join for Free
OR
Log In

You Might Also Like...

Show Comments

Extras

Top Quizzes Today


Score Distribution

Your Account Isn't Verified!

In order to create a playlist on Sporcle, you need to verify the email address you used during registration. Go to your Sporcle Settings to finish the process.

Report this User

Report this user for behavior that violates our Community Guidelines.

Details: